00277nam a2200121Ia 45000030006000000080041000060400015000471000016000622450022000782600026001005460012001260050017001380STCL150530s9999 xx 000 0 und d aSTCLcSTCL aJohn Speirs aChaucer the maker bFaber and Faberc1929 aEnglish20220125170856.0